|
|
|
|
| LEADER |
01189nam a22002657a 4500 |
| 001 |
32305 |
| 003 |
BD-DhAAL |
| 005 |
20171108113712.0 |
| 008 |
171108s2014 bg a|||| b||| 00| 0 eng d |
| 999 |
|
|
|c 38559
|d 38559
|
| 020 |
|
|
|a 9847012402191
|
| 040 |
|
|
|a BD-DhAAL
|
| 082 |
|
|
|2 21
|a 363.34095492
|
| 100 |
|
|
|a Rohde, Cornelia
|9 23695
|
| 245 |
|
|
|a Catalyst :
|b in the wake of great Bhola Cyclone /
|c Cornelia Rohde
|
| 260 |
|
|
|a Dhaka :
|b Shahitya Prakash,
|c 2014
|
| 300 |
|
|
|a 387 pages :
|b illustrations ;
|c 23 cm
|
| 526 |
|
|
|a AAL
|
| 541 |
|
|
|a Complimentary copy from Ahmed Mushtaque Raza Chowdhury.
|e 32305 & 32306
|
| 650 |
|
|
|a Cyclones
|x History
|z Bangladesh
|9 23696
|
| 650 |
|
|
|a Cyclones
|x Tropics
|x History
|9 23697
|
| 852 |
|
|
|a Ayesha Abed Library
|
| 942 |
|
|
|2 ddc
|c BK
|
| 952 |
|
|
|0 0
|1 0
|2 ddc
|4 0
|6 363_340954920000000_ROH
|7 0
|9 61836
|a BRACUL
|b BRACUL
|c GEN
|d 2017-11-08
|e Complementary copy from Ahmed Mushtaque Raza Chowdhury
|l 0
|o 363.34095492 ROH
|p 3010032305
|r 2017-11-08
|t 1
|w 2017-11-08
|y BK
|
| 952 |
|
|
|0 0
|1 0
|2 ddc
|4 0
|6 363_340954920000000_ROH
|7 0
|9 61837
|a BRACUL
|b BRACUL
|c GEN
|d 2017-11-08
|e Complementary copy from Ahmed Mushtaque Raza Chowdhury
|l 0
|o 363.34095492 ROH
|p 3010032306
|r 2017-11-12
|t 2
|w 2017-11-08
|y BK
|